000 00318nam a2200145Ia 4500
008 230718s9999 xx 000 0 und d
041 _aEng.
082 _a1734
_bETH-L
100 _aEthic, Legal
245 0 _aLegal Ethics
260 _aPakistan
_bCentral Law
_c2015
300 _a148
650 _aLaw
999 _c30811
_d30811